| 000 | 00381nam a22001217a 4500 | ||
|---|---|---|---|
| 008 | 140124b xxu||||| |||| 00| 0 eng d | ||
| 010 | _a20005001288 | ||
| 020 |
_a0070606293 _cAvailable |
||
| 082 |
_2Third Ed _a910.285CHA _b000424 |
||
| 100 | _gPB,432p | ||
| 245 |
_aIntroduction to Geographic Information Systems _cChang, Kang Tsung _hEnglish |
||
| 260 |
_aNew York _bTata McGraw-Hill _c2006 |
||
| 999 |
_c23800 _d23800 |
||